Classement de la Serie A - Statistiques

Statistiques générales
  • Ce quiz a été pris 165 fois
  • Le résultat moyen est 13 sur 20
Statistiques - réponses
Hint Réponse % Correct
5 AC Milan
100%
2 Inter Milan
99%
7 Juventus
99%
1 Naples
96%
4 AS Roma
90%
3 Lazio
86%
6 Atalanta
70%
9 Torino
68%
12 Fiorentina
66%
20 Sampdoria
57%
13 Sassuolo
57%
8 Bologne
55%
18 Hellas Vérone
54%
10 Udinese
54%
11 Monza
46%
16 Salernitana
43%
15 Lecce
40%
17 Spezia
38%
19 Cremonese
31%
14 Empoli
31%
Aucun quiz correspondant
Distribution des résultats
% des personnes avec chaque résultat
Percentile par nombre de réponses
Votre historique - résultats
Vous n’avez pas pris ce quiz